00618nam a2200181Ia 450000500170000000800410001702000150005808200130007310000160008624500400010225000080014226000400015030000130019050001170020394200060032095200950032699900150042120250612014258.0240331s9999 xx 000 0 und d a9559374605 bAMUa307 aAmunugama,S 0aSanskruthiya samajaya ha parisaraya a5th aColombobNuwana mathdiya sewac2007 a268 p ., aA collection of essays based on a Sociological approach to identify Sri Lankan Culture , Society and Environment cL 001040708LaWERCLbWERCLcSSCd2024-03-31l0o 307 AMUp6181r2024-03-31w2024-03-31yL c5085d5085